Revista de estudos constitucionais, hermenêutica e teoria do direito
| Autor Corporativo: | |
|---|---|
| Formato: | Electrónico Revista |
| Lenguaje: | portugués español inglés |
| Publicado: |
São Leopoldo, Brazil :
Unisinos,
[2009]-
|
| Materias: | |
| Acceso en línea: | Full text available from Research Library: 01/01/2011 to present |
MARC
| LEADER | 00000nas a2200000 i 4500 | ||
|---|---|---|---|
| 001 | ssj0001342335 | ||
| 003 | WaSeSS | ||
| 005 | 20200512172242.0 | ||
| 006 | m d | ||
| 007 | cr n | ||
| 008 | 140929c20099999bl qr p s 0 0por c | ||
| 010 | |a 2015222175 | ||
| 022 | |a 2175-2168 |l 2175-2168 | ||
| 035 | |a (WaSeSS)ssj0001342335 | ||
| 040 | |a WaSeSS |b eng |e pn |c CUD |d CLU |d OCLCO |d LND |d OCLCF |d OCLCQ |d OCLCO |d OCLCA |d OCLCQ |d OCLCO |d OCL |d OCLCO |d AU@ |d OCL |d WaSeSS | ||
| 041 | 0 | |a por |a spa |a eng |b por |b spa |b eng | |
| 042 | |a pcc | ||
| 050 | 1 | 4 | |a K3165 |
| 210 | 1 | |a RECHTD, Rev. Estud. Const., Hermenêut. Teor. Direito | |
| 222 | 0 | |a RECHTD. Revista de Estudos Constitucionais, Hermenêutica e Teoria do Direito | |
| 245 | 0 | 0 | |a Revista de estudos constitucionais, hermenêutica e teoria do direito |h [electronic resource]. |
| 246 | 1 | |a RECHTD | |
| 260 | |a São Leopoldo, Brazil : |b Unisinos, |c [2009]- | ||
| 310 | |a Quarterly, |b 2014- | ||
| 321 | |a Semiannual, |b 2009-2013 | ||
| 362 | 1 | |a Began with 1(1) (janeiro/junho 2009). | |
| 506 | |a License restrictions may limit access. | ||
| 546 | |a Articles and abstracts in Portuguese, Spanish, and English. | ||
| 588 | |a Description based on: 1(1) (janeiro/junho 2009); title from PDF caption (publisher's Web site, viewed on August 12, 2015). | ||
| 588 | |a Latest issue consulted: 7(1) (janeiro/abril 2015) (viewed on August 12, 2015). | ||
| 650 | 0 | |a Constitutional law |v Periodicals. | |
| 650 | 0 | |a Hermeneutics |v Periodicals. | |
| 650 | 0 | |a Law |x Philosophy |v Periodicals. | |
| 650 | 7 | |a Law |x Philosophy. |2 fast |0 (OCoLC)fst00993788 | |
| 650 | 7 | |a Constitutional law. |2 fast |0 (OCoLC)fst00875797 | |
| 650 | 7 | |a Hermeneutics. |2 fast |0 (OCoLC)fst00955492 | |
| 653 | |a Constitutional law |a Periodicals | ||
| 653 | |a Hermeneutics |a Periodicals | ||
| 655 | 0 | |a Electronic journals. | |
| 710 | 2 | |a Universidade do Vale do Rio dos Sinos. | |
| 856 | 4 | 0 | |z Full text available from Research Library: 01/01/2011 to present |u https://search.proquest.com/publication/2040954 |